| 000 | 00584nam a22001817a 4500 | ||
|---|---|---|---|
| 005 | 20251108174949.0 | ||
| 008 | 250721s2011 xx 000 0 ara d | ||
| 082 | 1 | 4 | _a818.02/ابر |
| 100 | 1 |
_aابراهيم، سعيد _eمؤلف |
|
| 245 | 1 | 0 | _aروائع الحكم و الأقوال المأثورة / |
| 264 | 1 |
_aالجيزة : _bالدار العالمية للكتب و النشر، _c2011. |
|
| 300 | _a174ص. | ||
| 650 | 1 | 7 | _aالامثال |
| 650 | 1 | 7 | _aالأقوال المأثورة |
| 650 | 1 | 7 | _aالحكم (الأمثال) |
| 942 |
_2ddc _cBK |
||
| 999 |
_c122640 _d122640 |
||